000 00812nas a2200265 4500
001 BR2011002495
003 BR-BrBNA
005 20231205115307.0
007 ta
008 230509b bl.|||p| |||| 00| 00por d
040 _aBR-BrBNA
_bpor
_cBiblioteca Nacional de Agricultura
041 _a(Pt)
072 _aH20
100 1 _aVieira, B.A.H.
100 1 _aNechet, K. de L.
245 1 _aPodridão-mole em plantas de cebolinha causada por pectobacterium carotovorum subsp. carotovorum em Roraima
650 _aPLANTA
650 _aCEBOLINHA
650 _aDOENÇA DE PLANTA
650 _aPODRIDÃO MOLE
650 _aETIOLOGIA
773 0 _tActa Amazônica (Brazil)
_xISSN 0044-5967
_g(Sep 2008), v. 38(3) p. 583-584
_wBR2011002495
909 _a202311
_bLúcia
_c55
_dLúcia Elande
942 _2AGRIS
_n0
_cANA
999 _c213055
_d213055